000 00327nam a2200145Ia 4500
003 OSt
008 191201s2008 xx 000 0 und d
100 _aBALAGURUSAMY, E
245 0 _aObject Oriented Programming with C++
250 _aRep.
260 _c2008
_bTMH
_aN.Delhi
300 _a637
650 _aCSE
942 _2ddc
_cBB
999 _c7291
_d7291